| 000 | 00805aas a2200229 4500 | ||
|---|---|---|---|
| 999 |
_c2167 _d2167 |
||
| 003 | BR-BrBNA | ||
| 005 | 20230317233418.0 | ||
| 007 | ta | ||
| 008 | 230119b bl ||||| |||| 00| 0 por d | ||
| 022 | _a0101-966X | ||
| 035 | _a000485-5 | ||
| 040 |
_aBR-BrBNA _bPor _cBR-BrBNA |
||
| 042 | _a083381-9 | ||
| 044 | _abl | ||
| 245 | _aBoletim de Pesquisa - Empresa de Pesquisa, Assistência Técnica e Extensão Rural de Mato Grosso do Sul (Brazil) | ||
| 260 |
_aCampo Grande-MS _bEmpresa de Pesquisa, Assistência Técnica e Extensão Rural de Mato Grosso do Sul _c1982. Data final de publicação em 1991 _eBMS |
||
| 270 | _aRua D. Aquino, 1.354 - 4º andar - s/45 - 79100-000 | ||
| 310 | _airregular | ||
| 505 | _a1982 (1-2); 1984 (3); 1987-89 (4-7); 1991 (8); | ||
| 909 |
_a56 _bSergio Santos _c56 _dSergio Santos |
||
| 942 |
_cCR _2AGRIS |
||